Every WWE/WWF King of the Ring Winner - Statistics

General Stats
  • This quiz has been taken 118 times
    61 since last reset
  • The average score is 16 of 23
Answer Stats
Year Winner % Correct
2006 Booker T
90%
1994 Owen Hart
90%
1996 "Stone Cold" Steve Austin
90%
1991 Bret Hart
87%
1993 Bret Hart
87%
2010 Sheamus
87%
2008 William Regal
84%
2021 Xavier Woods
84%
2002 Brock Lesnar
77%
2024 Gunther
77%
1997 Hunter Hearst Helmsley / Triple H
77%
2000 Kurt Angle
74%
1987 "Macho Man" Randy Savage
74%
2019 Baron Corbin
68%
1995 Mabel
68%
2015 Wade Barrett
68%
1999 Billy Gunn
65%
2001 Edge
61%
1986 Harley Race
61%
1988 Ted DiBiase
52%
1998 Ken Shamrock
48%
1985 Don Muraco
35%
1989 Tito Santana
23%
No matching quizzes found
Score Distribution
Percent of People with Each Score
Percentile by Number Answered
Your Score History
You have not taken this quiz since the last reset